00475nam a2200205Ia 4500008004000000082001600040100002100056245004500077250000500122260004400127300001200171650001100183650001300194650000700207650000900214650000800223650001500231650000600246700001700252210210b1977 xxu||||| |||| 00| 0 eng d a657.42 MAHC aMAHESHWARI (S N) aCost accounting theory and problems Ed 5 a aDelhi.bShree Mahavir Book Depot,c1977 a656,vii atheory aproblems aEd aCost aand aaccounting a5 aMITTAL (S N)